Normal view
MARC view
- D'Haem, Jeanne,
Entry Nombre Personal
001 - NUMERO DE CONTROL
- campo de control: 43479
003 - IDENTIFICADOR DE NUMERO DE CONTROL
- campo de control: UPN
005 - FECHA Y HORA DE LA ÜLTIMA TRANSACCIÓN
- campo de control: 20211105112344.0
008 - DATOS DE LONGITUD FIJA
- campo de control de longitud fija: 211105|g aca||aabn | aaa d
040 ## - FUENTE DE CATALOGACIÓN
- Agencia original de catalogación: UPN
100 1# - ENCABEZAMIENTO - NOMBRE PERSONAL
- Nombre personal: D'Haem, Jeanne,
- Fechas asociadas con el nombre: 1946-
670 ## - FUENTE EN LA QUE SE LOCALIZARON DATOS
- Cita de la fuente: LC/P
680 ## - NOTA PUBLICA DE ACCESO PÚBLICO
- Frase explicativa de la referencia: Profesora emérita y ensayista estadounidense
902 ## - CATALOGADOR
- Catalogador: CAA/051121
